Statistiques concernant Les 50 meilleurs joueurs de Ligue 1 en 2023

Cliquez ici pour prendre le quiz!

Statistiques générales

  • Ce quiz a été pris 278 fois
  • Le résultat moyen est 23 sur 50

Statistiques - réponses

RankTeamRéponse% Correct
1Paris-SGKylian Mbappé
100%
2LyonAlexandre Lacazette
92%
4Paris-SGLionel Messi
87%
7Paris-SGNeymar Jr
87%
11Montpellier/RC LensElye Wahi
80%
5LilleJonathan David
80%
8RC LensSeko Fofana
79%
18Paris-SGMarquinhos
77%
15Paris-SGAchraf Hakimi
76%
9AS MonacoWissam Ben Yedder
74%
3RC LensBrice Samba
73%
6Reims/AS MonacoFolarin Balogun
68%
21MarseilleJonathan Clauss
62%
23Paris-SGVitinha
59%
12Paris-SGGianluigi Donnarumma
57%
15RC LensFlorian Sotoca
56%
37Nantes/Stade RennaisLudovic Blas
55%
13MarseilleAlexis Sanchez
54%
22Lorient/Stade RennaisEnzo Le Fée
54%
16MarseilleValentin Rongier
54%
29MontpellierTéji Savanier
52%
20Stade RennaisAmine Gouiri
51%
25MarseilleChancel Mbemba
49%
39NiceGaétan Laborde
49%
14RC LensKevin Danso
49%
28Stade RennaisBenjamin Bourigeaud
47%
31NiceTerem Moffi
42%
26Stade RennaisSteve Mandanda
41%
17LilleRémy Cabella
40%
24Paris-SGDanilo Pereira
38%
10Paris-SGWarren Zaïre-Emery
38%
41LilleBenjamin André
36%
34Stade RennaisArnaud Kalimuendo
34%
27NiceKephren Thuram
34%
19RC LensJonathan Gradit
33%
32NiceJean-Clair Todibo
32%
42ReimsJunya Ito
32%
44LyonMaxence Caqueret
30%
38ToulouseBranco Van den Boomen
23%
43AS MonacoBreel Embolo
17%
33Stade RennaisDésiré Doué
15%
46LilleAngel Gomes
14%
35AS MonacoMohamed Camara
14%
45LorientRomain Faivre
14%
36Clermont FootMuhammad Cham
13%
48ReimsMarshall Munetsi
12%
47ToulouseZakaria Aboukhlal
12%
49ToulouseFares Chaibi
10%
30Clermont FootGrejohn Kyei
10%
50MontpellierArnaud Nordin
6%

Distribution des résultats

Percentile par nombre de réponses

% des personnes avec chaque résultat

Votre développement - résultats

Vous n’avez pas pris ce quiz